000 00865nam a2200253Ia 4500
003 GCL
005 20240530102522.0
008 140319s9999 xx 000 0 ara d
020 _a9024905977
040 _aGCL /
_cGCL
082 0 4 _a722.2
_bق/ت ع
100 1 _aتوفيق احمد عبد الجواد
245 1 0 _aالعمارة وحضارة مصر الفرعونية /
_cتوفيق احمد عبد الجواد
260 _aالقاهرة :
_bمكتبة الانجلوالمصرية ،
_c1984
300 _a414 ص:
_bايض ؛
_c26 سم
650 0 4 _aتاريخ
650 0 4 _aمصر القديمة
650 0 4 _aالحضارة الفرعونية
650 0 4 _aالاثار الفرعونية
650 0 4 _aالعمارة المصرية
650 0 4 _aالمعابد
650 0 4 _aالعمارة المصرية القديمة
942 _2ddc
_cBK
999 _c32834
_d32834